NFL Teams By Category - Statistics

General Stats
  • This quiz has been taken 217 times
  • The average score is 29 of 32
Answer Stats
Answer % Correct
Atlanta Falcons
96%
Philadelphia Eagles
96%
Baltimore Ravens
94%
Miami Dolphins
93%
Seattle Seahawks
93%
Detroit Lions
92%
Los Angeles Rams
92%
New York Jets
92%
Tampa Bay Buccaneers
92%
Arizona Cardinals
91%
Denver Broncos
91%
Jacksonville Jaguars
91%
Carolina Panthers
90%
Chicago Bears
90%
Cleveland Browns
90%
Kansas City Chiefs
90%
Los Angeles Chargers
90%
Cincinnati Bengals
89%
New York Giants
89%
Pittsburgh Steelers
89%
Minnesota Vikings
88%
New England Patriots
88%
Buffalo Bills
87%
Dallas Cowboys
87%
Green Bay Packers
87%
Houston Texans
87%
Las Vegas Raiders
87%
New Orleans Saints
86%
Washington Football Team
86%
Indianapolis Colts
85%
San Francisco 49ers
85%
Tennessee Titans
83%
No matching quizzes found
Score Distribution
Percent of People with Each Score
Percentile by Number Answered
Your Score History
You have not taken this quiz